000 00877nam a2200217 i 4500
001 171171
003 ES-MaACL
005 20250808062752.0
008 090504s1959 sp |||| | spa d
017 _aM 12003-1959
100 0 _aAntonio María Claret
_cSanto.
_921986
245 1 0 _aSan Antonio María Claret
_b: escritos autobiográficos y espirituales /
_cedición preparada por una comisión de padres claretianos dirigida por José María Viñas ; prólogo de Juan María Gorricho.
260 _aMadrid :
_bLa Editorial Católica,
_c1959.
300 _aXIV, 961 p., [1] p. de lám. ;
_c20 cm.
490 1 _aBiblioteca de autores cristianos ;
_v188
700 0 _aViñas, José María.
_9115376
700 0 _aGorricho, Juan María.
_959224
830 0 0 _aBiblioteca de autores cristianos
_v188
_9178679
852 _aES-MaACL
_jJ-184
_9R.46092
999 _c171171
_d171171